000 00368 a2200157 4500
001 48670
020 _a85-16-03093-8
040 _cAnchieta - Bela Vista
100 _aBandeira, Pedro
240 1 0 _aPor enquanto eu sou pequeno
_lpor
245 1 0 _aPor enquanto eu sou pequeno
300 _a40
362 0 _a2009
650 4 _aLiteratura infanto-juvenil
942 _cBK
999 _c48670
_d48670